[Event "ICS rated blitz match"]
[Site "207.99.83.229"]
[Date "1999.06.19"]
[Round "?"]
[White "RedBear"]
[Black "Hossa"]
[Result "0-1"]
[WhiteElo "2502"]
[BlackElo "2431"]
[PlyCount "170"]

1. e4 e5 2. Nf3 Nc6 3. Bb5 Bb4 4. c3 Ba5 5. Na3 Bb6 6. Nc4 d6 7. O-O Nf6 8. d3
O-O 9. Bg5 Be6 10. Qa4 Bd7 11. Kh1 Qe7 12. Ne3 Qe6 13. Bxf6 Qxf6 14. Nd5 Qe6
15. Rfe1 Rae8 16. Nxb6 axb6 17. Bc4 Qg4 18. h3 Qf4 19. Rg1 Bxh3 20. Nh2 Be6 21.
Qc2 Bxc4 22. dxc4 f5 23. c5 fxe4 24. cxd6 cxd6 25. Qb3+ Kh8 26. Qxb6 Re6 27. g3
Qf7 28. Qb3 Qd7 29. Rg2 Ref6 30. Qb6 d5 31. Re1 Qh3 32. Rd1 Ne7 33. Qc5 R6f7
34. Rd2 Ra8 35. a3 Raf8 36. Qb6 Qd7 37. Qe3 Qf5 38. g4 Qg6 39. Rg1 Rf4 40. Qc5
Qe6 41. Rg2 Kg8 42. Qb5 b6 43. a4 Ra8 44. b4 Rc8 45. Rg3 Rcf8 46. Kg1 R4f7 47.
Nf1 d4 48. a5 e3 49. Nxe3 dxe3 50. fxe3 bxa5 51. bxa5 Nc6 52. a6 Nb8 53. a7
Rxa7 54. Qd5 Qxd5 55. Rxd5 Nd7 56. Kh2 Re8 57. Rg2 Rc8 58. Kg3 Rxc3 59. Re2 Rc1
60. Red2 Nf6 61. Rxe5 Rg1+ 62. Kf3 Nxg4 63. Rf5 g6 64. Rf4 h5 65. Rd6 g5 66.
Rfd4 Rf1+ 67. Kg3 Nxe3 68. Rd8+ Rf8 69. Rxf8+ Kxf8 70. Kf3 Ng4 71. Rd5 Rf7+ 72.
Kg3 Rg7 73. Rb5 Kf7 74. Rb6 Nf6 75. Rc6 h4+ 76. Kg2 g4 77. Rc7+ Kg6 78. Rc5 Ne4
79. Rc6+ Kg5 80. Rg6+ Rxg6 81. Kh2 Rf6 82. Kg2 h3+ 83. Kh2 Rf2+ 84. Kh1 Ng3+
85. Kg1 85... Rg2# {RedBear checkmated} 0-1

[Event "ICS rated blitz match"]
[Site "207.99.83.229"]
[Date "1999.06.19"]
[Round "?"]
[White "Hossa"]
[Black "SuperChicken"]
[Result "0-1"]
[WhiteElo "2450"]
[BlackElo "2715"]
[PlyCount "89"]

1. d4 d5 2. c4 e6 3. Nf3 Nf6 4. g3 dxc4 5. Bg2 Nbd7 6. O-O c5 7. Nbd2 c3 8.
bxc3 Be7 9. Bb2 O-O 10. e4 Qb6 11. Rb1 Qa6 12. Qb3 Rd8 13. Rbe1 Nb6 14. Ne5 Na4
15. Ba3 Nxc3 16. Ndc4 Nb5 17. Bxc5 Nxd4 18. Bxd4 Rxd4 19. Rd1 Rxd1 20. Rxd1 b5
21. Na3 Rb8 22. Nc2 Bb7 23. Nb4 Qb6 24. Nd7 Nxd7 25. Rxd7 Re8 26. Qc3 a5 27.
Nc2 Bc6 28. Rd2 Rc8 29. Qe5 Bf6 30. Qh5 Qb7 31. Qe2 Bg5 32. Rd1 b4 33. Nd4 Ba4
34. Nb3 Rc3 35. Rb1 Qc7 36. Qh5 h6 37. f4 Bd8 38. f5 Bxb3 39. axb3 Qc5+ 40. Kh1
Rc1+ 41. Qd1 Rxd1+ 42. Rxd1 Bc7 43. fxe6 fxe6 44. Bf3 Qc2 45. Rf1 {
Hossa resigns} 0-1

[Event "ICS Rated standard match"]
[Site "207.99.83.229"]
[Date "1999.06.20"]
[Round "?"]
[White "Salama-Santeri"]
[Black "Hossa"]
[Result "0-1"]
[WhiteElo "1883"]
[BlackElo "2193"]
[PlyCount "126"]

1. d4 d5 2. c4 e6 3. Nc3 Nf6 4. Bg5 Be7 5. e3 dxc4 6. Bxc4 O-O 7. Nf3 Nc6 8. a3
Bd7 9. O-O Ng4 10. Bxe7 Qxe7 11. h3 Nf6 12. b4 Rad8 13. Qc2 a6 14. Ne4 Nxe4 15.
Qxe4 Be8 16. Rfc1 Qf6 17. Bd3 Qh6 18. Ng5 g6 19. f4 Bd7 20. Qf3 Be8 21. Be4 Rd6
22. d5 exd5 23. Bxd5 Qg7 24. Ba2 Rd2 25. Ne4 Rb2 26. Nc5 a5 27. bxa5 Nxa5 28.
Nd3 Rd2 29. Ne5 Nc6 30. Bd5 Nxe5 31. fxe5 c6 32. e6 Qe5 33. exf7+ Bxf7 34.
Bxf7+ Rxf7 35. Qg4 Qxe3+ 36. Kh1 Kg7 37. Re1 Qd4 38. Qxd4+ Rxd4 39. a4 Rc4 40.
Re2 Kh6 41. Rb2 Kg5 42. a5 Rc5 43. Ra4 Kf6 44. Kh2 g5 45. g3 h5 46. Ra3 Ke5 47.
Re2+ Kd5 48. Ra4 Rc3 49. Rae4 Rf2+ 50. Rxf2 Kxe4 51. Re2+ Kf3 52. Rb2 Ra3 53.
Rxb7 Ra2+ 54. Kg1 Kxg3 55. Rb3+ Kh4 56. Rc3 Rxa5 57. Kf2 c5 58. Kf3 Kxh3 59.
Ke4+ Kg4 60. Kd5 Kf4 61. Rc4+ Ke3 62. Re4+ Kd3 63. Rc4 63... g4 {
Salama-Santeri resigns} 0-1

[Event "ICS Rated standard match"]
[Site "207.99.83.229"]
[Date "1999.06.20"]
[Round "?"]
[White "Hossa"]
[Black "robbok1"]
[Result "1/2-1/2"]
[WhiteElo "2198"]
[BlackElo "2478"]
[PlyCount "141"]

1. e4 c5 2. Nf3 Nc6 3. Bb5 g6 4. Nc3 Bg7 5. O-O a6 6. Bxc6 dxc6 7. d3 Nf6 8.
Be3 Qa5 9. h3 Nd7 10. Qd2 h6 11. d4 cxd4 12. Bxd4 e5 13. Be3 Qb4 14. a3 Qe7 15.
Rad1 a5 16. h4 b5 17. Qd6 Qxd6 18. Rxd6 Ra6 19. h5 g5 20. Rfd1 Bf8 21. R6d3 Be7
22. Ne2 f5 23. Rxd7 Bxd7 24. Nxe5 Bc8 25. Nd4 Bf6 26. Ng6 Bxd4 27. Bxd4 Rh7 28.
Bf6 Rd7 29. Rxd7 Bxd7 30. Bg7 fxe4 31. Bxh6 Bg4 32. Bxg5 Bxh5 33. Ne5 c5 34. c4
Re6 35. Bf4 b4 36. axb4 axb4 37. g4 Bxg4 38. Nxg4 Rg6 39. Be3 Rxg4+ 40. Kf1 Rg7
41. Bxc5 b3 42. Ke2 Rc7 43. Bd4 Rxc4 44. Ke3 Rc1 45. Kxe4 Kf7 46. Kf5 Rd1 47.
Be5 Rh1 48. f4 Rh5+ 49. Ke4 Ke6 50. Bc7 Rh7 51. f5+ Kf7 52. Kf4 Rh4+ 53. Kg5
Re4 54. Bb6 Rc4 55. Be3 Rc2 56. Bd4 Rd2 57. Be5 Rf2 58. Kg4 Re2 59. Kf4 Re1 60.
Bc3 Rc1 61. Bd4 Re1 62. Be5 Re2 63. Bd4 Re1 64. Kf3 Re8 65. Bc3 Rc8 66. Be5 Rc4
67. Kg3 Re4 68. Bh8 Re8 69. Bd4 Re4 70. Bh8 Re8 71. Bd4 {
Game drawn by mutual agreement} 1/2-1/2

[Event "ICS rated standard match"]
[Site "207.99.83.229"]
[Date "1999.06.20"]
[Round "?"]
[White "robbok1"]
[Black "Hossa"]
[Result "1-0"]
[WhiteElo "2467"]
[BlackElo "2209"]
[PlyCount "83"]

1. e4 e5 2. Nf3 Nc6 3. d4 exd4 4. Bc4 Bb4+ 5. c3 dxc3 6. O-O cxb2 7. Bxb2 Bf8
8. Nc3 Be7 9. Nd5 Nf6 10. Nxe7 Qxe7 11. e5 Ng4 12. h3 Nh6 13. Qd3 O-O 14. Ba3
Nb4 15. Qd2 a5 16. Rad1 Nf5 17. Rfe1 Nh4 18. Nd4 b6 19. Bd5 c6 20. Be4 Ng6 21.
f4 Qh4 22. Nf5 Qxf4 23. Ne7+ Kh8 24. Nxg6+ fxg6 25. Rf1 Qxf1+ 26. Rxf1 Rxf1+
27. Kxf1 Ba6+ 28. Kg1 Bc4 29. Qxd7 Bxa2 30. e6 Rg8 31. Bxc6 Nc2 32. Bb2 Nb4 33.
Bxg7+ Rxg7 34. Qd8+ Rg8 35. Qf6+ Rg7 36. Qf8+ Rg8 37. e7 Bf7 38. Qxf7 h6 39.
Be4 h5 40. Bxg6 Rxg6 41. e8=Q+ Rg8 42. Qexg8# {Hossa checkmated} 1-0

[Event "ICS Rated standard match"]
[Site "207.99.83.229"]
[Date "1999.06.20"]
[Round "?"]
[White "Hossa"]
[Black "Mofongo"]
[Result "0-1"]
[WhiteElo "2203"]
[BlackElo "2527"]
[PlyCount "113"]

1. e4 Nc6 2. Nf3 e5 3. Bb5 Nf6 4. O-O Nxe4 5. Re1 Nd6 6. Bxc6 dxc6 7. Nxe5 Be7
8. Nc3 O-O 9. d4 Nf5 10. Be3 c5 11. dxc5 Nxe3 12. Rxe3 Bxc5 13. Re1 Be6 14. Qh5
c6 15. Ne4 Be7 16. Red1 Qa5 17. Ng3 Qb5 18. b3 f6 19. Nd3 Qxh5 20. Nxh5 Rfe8
21. Re1 Bf5 22. Ng3 Bg6 23. Ne4 Rad8 24. Rad1 Rd4 25. Ng3 Kf7 26. Re3 Bd6 27.
Rxe8 Kxe8 28. Ne2 Re4 29. Nc3 Re7 30. a4 Kf7 31. g4 h5 32. h3 hxg4 33. hxg4 f5
34. g5 f4 35. Kg2 f3+ 36. Kh1 Bf5 37. Rf1 Re8 38. Kg1 Rh8 39. Nb1 Bh3 40. Ne1
Bxf1 41. Nxf3 Be2 42. Nd4 Bg4 43. f3 Bd7 44. Nc3 Be8 45. Ne4 Be5 46. Nf5 Ke6
47. Nfg3 Bxg3 48. Nxg3 Bg6 49. c3 Bc2 50. b4 Ke5 51. a5 Bd3 52. Kf2 Kf4 53. Kg2
g6 54. c4 Bxc4 55. Ne4 Be2 56. Kf2 Bxf3 57. Nd2 {Hossa resigns} 0-1

[Event "ICS Rated standard match"]
[Site "207.99.83.229"]
[Date "1999.06.20"]
[Round "?"]
[White "narcissus"]
[Black "Hossa"]
[Result "0-1"]
[WhiteElo "1844"]
[BlackElo "2199"]
[PlyCount "120"]

1. d4 d5 2. c4 e6 3. c5 Nf6 4. Bf4 Be7 5. Nc3 O-O 6. h3 b6 7. b4 a5 8. a3 Nbd7
9. Nf3 Ne4 10. Qc1 bxc5 11. bxc5 Rb8 12. e3 Bf6 13. Nxe4 dxe4 14. Nd2 e5 15.
dxe5 Bxe5 16. Bxe5 Nxe5 17. Nxe4 Qd5 18. Nc3 Qxc5 19. Be2 Rb3 20. Ne4 Qxc1+ 21.
Rxc1 Rxa3 22. O-O Bb7 23. Nc5 Bd5 24. Ra1 Ra2 25. Rxa2 Bxa2 26. Ra1 Bc4 27.
Rxa5 Bxe2 28. Ne4 f6 29. Rc5 Rf7 30. Nc3 Bd3 31. Ra5 h6 32. Ra8+ Kh7 33. Rd8 c5
34. f4 Nd7 35. e4 g5 36. f5 Ne5 37. Rd6 Kg7 38. Nd5 Bxe4 39. Ne3 Rc7 40. Kf2 c4
41. Rd4 Bd3 42. g4 c3 43. Kg3 c2 44. Nxc2 Bxc2 45. Rd2 Rc3+ 46. Kf2 Bxf5 47.
gxf5 Rxh3 48. Rd6 Rf3+ 49. Kg2 Rxf5 50. Ra6 Rf4 51. Ra7+ Kg6 52. Ra8 h5 53.
Rg8+ Kf5 54. Rh8 Kg4 55. Ra8 f5 56. Ra1 Nd3 57. Rg1 Rf2+ 58. Kh1+ Kh3 59. Rxg5
Rf1+ 60. Rg1 60... Nf2# {narcissus checkmated} 0-1

[Event "ICS rated standard match"]
[Site "207.99.83.229"]
[Date "1999.06.20"]
[Round "?"]
[White "Mensa-nger"]
[Black "Hossa"]
[Result "0-1"]
[WhiteElo "1918"]
[BlackElo "2203"]
[PlyCount "44"]

1. d4 d5 2. c3 Nf6 3. Nf3 e6 4. Qc2 Bd6 5. Bg5 O-O 6. Nbd2 Nc6 7. e4 dxe4 8.
Nxe4 Be7 9. Bd3 Nd5 10. Bxe7 Qxe7 11. a3 e5 12. O-O f5 13. Bc4 Qd8 14. Ng3 e4
15. Ne5 Nxe5 16. dxe5 Re8 17. f4 c6 18. Rad1 Be6 19. Bxd5 Qb6+ 20. Kh1 Bxd5 21.
c4 Be6 22. Qb3 22... Qxb3 {Mensa-nger resigns} 0-1

[Event "ICS rated blitz match"]
[Site "207.99.83.229"]
[Date "1999.06.20"]
[Round "?"]
[White "Talmoves"]
[Black "Hossa"]
[Result "1-0"]
[WhiteElo "2521"]
[BlackElo "2444"]
[PlyCount "84"]

1. e4 Nc6 2. Nf3 e5 3. Bb5 Nf6 4. O-O Nxe4 5. d4 exd4 6. Re1 f5 7. Nxd4 Qh4 8.
g3 Qf6 9. Bxc6 dxc6 10. f3 Bc5 11. c3 O-O 12. fxe4 fxe4 13. Bf4 Bf5 14. Kh1
Bxd4 15. Qxd4 Qxd4 16. cxd4 Rad8 17. Be5 Rde8 18. Bxc7 Bg4 19. Kg1 e3 20. Be5
Rf3 21. Nc3 Ref8 22. Ne4 R8f5 23. Nd6 Rh5 24. Nxb7 Rf2 25. h4 Rxb2 26. Na5 c5
27. Rxe3 Rc2 28. Nc6 cxd4 29. Nxd4 Rd2 30. Nc6 a6 31. Ne7+ Kh8 32. Rf1 h6 33.
Re4 Be6 34. Bxg7+ Kxg7 35. Rxe6 Rd8 36. g4 Rxh4 37. Rg6+ Kh8 38. Rf7 Re8 39.
Nf5 Rxg4+ 40. Rxg4 h5 41. Rb4 Rg8+ 42. Kf2 42... Rc8 {Hossa resigns} 1-0

[Event "ICS Rated standard match"]
[Site "207.99.83.229"]
[Date "1999.06.20"]
[Round "?"]
[White "Hossa"]
[Black "rude-agent"]
[Result "1/2-1/2"]
[WhiteElo "2208"]
[BlackElo "2183"]
[PlyCount "113"]

1. e4 c5 2. Nf3 d6 3. Nc3 Nf6 4. Bc4 Nc6 5. O-O Bg4 6. a4 Nd4 7. Be2 Nxe2+ 8.
Qxe2 Qd7 9. d3 g6 10. a5 Bg7 11. Bg5 O-O 12. Qe3 b5 13. axb6 axb6 14. Rxa8 Rxa8
15. e5 d5 16. exf6 exf6 17. Bxf6 Bxf6 18. Ne5 Bxe5 19. Qxe5 Rd8 20. Qf6 Qd6 21.
Qg5 Bf5 22. Ra1 Re8 23. Qh6 Qe5 24. Qe3 d4 25. Qxe5 Rxe5 26. f4 Re6 27. Nd5 Re2
28. Rc1 c4 29. dxc4 Bxc2 30. Kf1 d3 31. Re1 Re6 32. Rxe6 fxe6 33. Ne3 Kf7 34.
b4 Ba4 35. h4 Bc6 36. c5 bxc5 37. bxc5 Bb5 38. Kf2 Kf6 39. Nd1 Kf5 40. Ke3 Kg4
41. Nf2+ Kg3 42. Nxd3 Kxg2 43. Nf2 Kg3 44. Ne4+ Kxh4 45. Ng5 h5 46. Nxe6 Kg4
47. Nd4 Ba6 48. c6 h4 49. f5 gxf5 50. c7 f4+ 51. Kf2 h3 52. Nf3 Bb7 53. Ne5+
Kh4 54. Ng6+ Kg4 55. Ne5+ Kf5 56. Nf7 Kg4 57. Ne5+ {Game drawn by repetition}
1/2-1/2

[Event "ICS rated standard match"]
[Site "207.99.83.229"]
[Date "1999.06.20"]
[Round "?"]
[White "Mensa-nger"]
[Black "Hossa"]
[Result "0-1"]
[WhiteElo "1911"]
[BlackElo "2208"]
[PlyCount "73"]

1. d4 d5 2. c3 Nf6 3. Nf3 e6 4. Bg5 Be7 5. Qc2 Nbd7 6. Nbd2 O-O 7. e4 dxe4 8.
Nxe4 Nxe4 9. Bxe7 Qxe7 10. Qxe4 Nf6 11. Qd3 c5 12. Be2 cxd4 13. cxd4 Qb4+ 14.
Qc3 Qxc3+ 15. bxc3 Nd5 16. Rc1 Nf4 17. g3 Nxe2 18. Kxe2 b5 19. Rb1 Bd7 20. Ne5
Be8 21. h4 Rc8 22. Kd3 f6 23. Nf3 Bg6+ 24. Ke2 Bxb1 25. Rxb1 Rxc3 26. Rxb5 Rc2+
27. Ke3 Rxa2 28. Nd2 Rd8 29. Nb3 Ra3 30. g4 Rd6 31. Rb8+ Kf7 32. Ke4 Rb6 33.
Rxb6 axb6 34. Nd2 Rc3 35. f4 Rg3 36. Nf3 Rxg4 37. Ke3 {Mensa-nger resigns} 0-1

[Event "ICS rated blitz match"]
[Site "207.99.83.229"]
[Date "1999.06.20"]
[Round "?"]
[White "Hossa"]
[Black "egghead"]
[Result "0-1"]
[WhiteElo "2431"]
[BlackElo "2720"]
[PlyCount "65"]

1. e4 e5 2. Nf3 Nf6 3. Nxe5 Qe7 4. d4 d6 5. Nf3 Qxe4+ 6. Be2 Bf5 7. O-O Qxc2 8.
Re1 Be7 9. Qxc2 Bxc2 10. Na3 Bf5 11. Nb5 Na6 12. Bg5 O-O 13. Rac1 Rfc8 14. Nxa7
Rxa7 15. Bxa6 Rxa6 16. Rxe7 Nd5 17. Re2 f6 18. Bh4 Rxa2 19. Bg3 Bg4 20. Rce1
Rca8 21. Bh4 R8a4 22. Rd2 Rb4 23. b3 Rxd2 24. Nxd2 Rxd4 25. Nc4 Bh5 26. g3 Bf3
27. g4 Rxg4+ 28. Bg3 Rd4 29. h3 Rd3 30. Bxd6 cxd6 31. Nxd6 Bh5 32. Ra1 h6 33.
h4 {Hossa resigns} 0-1

[Event "ICS Rated blitz match"]
[Site "207.99.83.229"]
[Date "1999.06.20"]
[Round "?"]
[White "Hossa"]
[Black "mishah"]
[Result "1-0"]
[WhiteElo "2426"]
[BlackElo "2103"]
[PlyCount "47"]

1. e4 e6 2. c4 d5 3. cxd5 exd5 4. e5 c5 5. Nf3 Nc6 6. Bb5 Qb6 7. Nc3 Be6 8. O-O
d4 9. Bxc6+ Qxc6 10. Ne2 Ne7 11. b4 b6 12. Ba3 Ng6 13. bxc5 bxc5 14. Rc1 Qd5
15. Qa4+ Bd7 16. Qb3 Qxb3 17. axb3 Rc8 18. Rfe1 Bg4 19. Ng5 Be7 20. h4 Bxg5 21.
hxg5 Nxe5 22. Ng3 f6 23. gxf6 gxf6 24. f4 {mishah resigns} 1-0

[Event "ICS rated standard match"]
[Site "207.99.83.229"]
[Date "1999.06.20"]
[Round "?"]
[White "Hossa"]
[Black "Jake9999"]
[Result "1-0"]
[WhiteElo "2213"]
[BlackElo "1822"]
[PlyCount "63"]

1. e4 e6 2. c4 d5 3. cxd5 exd5 4. e5 Nc6 5. Nf3 Bg4 6. Bb5 Nge7 7. d4 a6 8. Be2
Nf5 9. Nc3 Bxf3 10. Bxf3 Ncxd4 11. Bxd5 c6 12. Be4 Qd7 13. Bxf5 Nxf5 14. Qxd7+
Kxd7 15. O-O Bc5 16. Ne4 Bb6 17. Rd1+ Ke6 18. Ng5+ Ke7 19. Bd2 h6 20. Ne4 Rhd8
21. Bb4+ Ke6 22. Bc5 Bc7 23. f4 b6 24. g4 Ne7 25. Bd6 Bxd6 26. Nxd6 Nd5 27. f5+
Kxe5 28. Nxf7+ Kf4 29. Rd4+ Ke3 30. Rad1 Re8 31. Nd6 Re5 32. Nc4+ {
Jake9999 resigns} 1-0

[Event "ICS rated blitz match"]
[Site "207.99.83.229"]
[Date "1999.06.20"]
[Round "?"]
[White "harria"]
[Black "Hossa"]
[Result "1-0"]
[WhiteElo "2040"]
[BlackElo "2430"]
[PlyCount "82"]

1. c4 Nf6 2. d4 d6 3. Nc3 Nc6 4. d5 Ne5 5. e4 e6 6. f4 Ned7 7. Be3 Be7 8. Be2
O-O 9. Nh3 exd5 10. cxd5 Ne8 11. O-O f5 12. Rc1 fxe4 13. Nxe4 Bh4 14. Nhg5 Ndf6
15. Nxf6+ Qxf6 16. Bd3 Qe7 17. Ne6 Rf6 18. g3 c6 19. f5 cxd5 20. Qh5 Rf7 21.
Qxh4 Qxh4 22. gxh4 b6 23. Bd4 Re7 24. Nf4 Bb7 25. h5 h6 26. Rfe1 Rf7 27. f6
Nxf6 28. Bf5 Nxh5 29. Be6 Nxf4 30. Bxf7+ Kxf7 31. Rc7+ Kg6 32. Rxb7 Kf5 33.
Rxg7 h5 34. Kh1 Rf8 35. Rxa7 b5 36. Rb7 Ra8 37. Rf7+ Kg4 38. Rf1 h4 39. R7xf4+
Kh5 40. Rg1 Rxa2 41. Rf5+ 41... Kh6 {Hossa resigns} 1-0

[Event "ICS rated blitz match"]
[Site "207.99.83.229"]
[Date "1999.06.20"]
[Round "?"]
[White "Hossa"]
[Black "Mashiach"]
[Result "0-1"]
[WhiteElo "2401"]
[BlackElo "2533"]
[PlyCount "124"]

1. e4 d5 2. exd5 Qxd5 3. Nc3 Qc5 4. d4 Qb4 5. Nf3 Nf6 6. a3 Qd6 7. Be2 Bg4 8.
O-O c6 9. g3 Nd5 10. Nxd5 Qxd5 11. c4 Qe6 12. b3 Nd7 13. Re1 Qf6 14. Bg5 Qg6
15. Bf4 Qf6 16. Bc7 Rc8 17. Bf4 Rd8 18. Ra2 Nb6 19. Be5 Qf5 20. Rd2 e6 21. Bc7
Rd7 22. Bxb6 axb6 23. b4 Bd6 24. Nh4 Bxe2 25. Nxf5 Bxd1 26. Rdxd1 O-O 27. Nxd6
Rxd6 28. c5 bxc5 29. dxc5 Rd5 30. Ra1 Rfd8 31. a4 Kf8 32. Kg2 Rf5 33. Re4 Rd2
34. Rf1 Rfd5 35. h4 Ra2 36. a5 Rdd2 37. Rf4 e5 38. Re4 f6 39. h5 Rab2 40. h6 g6
41. Rc4 Kf7 42. Re4 Ke6 43. Kf3 f5 44. Rc4 Kd5 45. Rc3 e4+ 46. Kg2 Rxb4 47.
Rfc1 Rbb2 48. Rf1 Kd4 49. Ra3 Kxc5 50. a6 bxa6 51. Rxa6 e3 52. Ra7 Rxf2+ 53.
Rxf2 Rxf2+ 54. Kg1 Kd6 55. Rxh7 Rf3 56. Kg2 e2 57. Rg7 Rf1 58. Rxg6+ Kd5 59.
Re6 Kxe6 60. Kh3 e1=Q 61. h7 Rh1+ 62. Kg2 62... Qf1# {Hossa checkmated} 0-1

[Event "ICS Rated blitz match"]
[Site "207.99.83.229"]
[Date "1999.06.20"]
[Round "?"]
[White "harria"]
[Black "Hossa"]
[Result "1-0"]
[WhiteElo "2096"]
[BlackElo "2391"]
[PlyCount "152"]

1. e4 d5 2. exd5 Qxd5 3. Nc3 Qc5 4. d4 Qb4 5. a3 Qb6 6. Nf3 Bg4 7. Bb5+ Nd7 8.
h3 Bxf3 9. Bxd7+ Kxd7 10. Qxf3 Nf6 11. O-O Rd8 12. Na4 Qb5 13. Nc5+ Kc8 14. a4
Qb6 15. a5 Qc6 16. Qxc6 bxc6 17. Nd3 Nd7 18. Re1 e6 19. Bg5 f6 20. Bd2 Re8 21.
Re2 c5 22. d5 e5 23. c4 Bd6 24. f3 Rd8 25. b3 g5 26. a6 h5 27. Nf2 Rdg8 28. Re3
g4 29. fxg4 hxg4 30. Nxg4 f5 31. Nf2 e4 32. Bc3 Rh4 33. Kf1 Bh2 34. Re2 Rh6 35.
g4 Bg3 36. Bd2 Rf6 37. Kg2 Bxf2 38. Rxf2 fxg4 39. Rxf6 gxh3+ 40. Kxh3 Nxf6 41.
Re1 Kb8 42. Be3 Nd7 43. Bf4 Re8 44. Re2 Kc8 45. Kg4 Nb8 46. Kf5 Nxa6 47. Rxe4
Rf8+ 48. Kg4 Rg8+ 49. Kf3 Rg1 50. Re8+ Kb7 51. Re3 Rb1 52. Ke2 Rb2+ 53. Kd1 Nb4
54. Be5 Rf2 55. Rg3 Rf5 56. Bc3 Rf2 57. Rg7 Rf3 58. Be5 Rxb3 59. Ke2 Na6 60. d6
Nb8 61. Rxc7+ Kb6 62. d7 Nxd7 63. Rxd7 Rb4 64. Kd3 Ra4 65. Rh7 Ra2 66. Rh6+ Kb7
67. Bd6 a5 68. Bxc5 a4 69. Kc3 Ra1 70. Kb4 a3 71. Kb3 a2 72. Rb6+ Kc7 73. Ra6
Rb1+ 74. Kxa2 Rc1 75. Kb3 Rf1 76. Bd4 76... Kd7 {Hossa resigns} 1-0

[Event "ICS rated standard match"]
[Site "207.99.83.229"]
[Date "1999.06.20"]
[Round "?"]
[White "Hossa"]
[Black "newcapa"]
[Result "1-0"]
[WhiteElo "2216"]
[BlackElo "2082"]
[PlyCount "51"]

1. e4 c5 2. Nf3 a6 3. c3 d5 4. exd5 Qxd5 5. d4 e6 6. Be2 Nc6 7. O-O Nf6 8. Be3
cxd4 9. c4 Qa5 10. Nxd4 Be7 11. Nxc6 bxc6 12. Bf3 Bd7 13. Bd4 Rd8 14. Qb3 Qb4
15. Bc3 Qc5 16. Qa4 O-O 17. Nd2 Ra8 18. Rad1 Qb6 19. Ne4 Ra7 20. Nxf6+ gxf6 21.
c5 Qc7 22. Qg4+ Kh8 23. Qh4 Rg8 24. Bxf6+ Bxf6 25. Qxf6+ Rg7 26. Rxd7 {
newcapa resigns} 1-0

[Event "ICS rated blitz match"]
[Site "207.99.83.229"]
[Date "1999.06.20"]
[Round "?"]
[White "Hossa"]
[Black "harria"]
[Result "0-1"]
[WhiteElo "2364"]
[BlackElo "2123"]
[PlyCount "67"]

1. e4 c5 2. Nf3 Nc6 3. Bb5 e6 4. O-O Nge7 5. Re1 Nd4 6. Nxd4 cxd4 7. c3 a6 8.
Ba4 Nc6 9. cxd4 Nxd4 10. Qg4 b5 11. e5 Qb6 12. Re4 Bb7 13. Rxd4 h5 14. Qf4 Qc6
15. Qf3 Qxc1+ 16. Qd1 Qc6 17. Qf1 Qc5 18. Rh4 Be7 19. d4 Qb4 20. Rh3 Qxa4 21.
Qd3 Rc8 22. Nc3 Qc4 23. Qg3 g6 24. Qf4 b4 25. Nd1 Qe2 26. Qe3 Rc2 27. Rb1 Qxe3
28. Nxe3 Rd2 29. b3 Rxa2 30. Rc1 Rd2 31. Rc7 Bd5 32. Nf1 Rxd4 33. Rg3 Bd8 34.
Ra7 {Hossa resigns} 0-1

[Event "ICS Rated standard match"]
[Site "207.99.83.229"]
[Date "1999.06.20"]
[Round "?"]
[White "Hossa"]
[Black "Mchess8"]
[Result "0-1"]
[WhiteElo "2226"]
[BlackElo "2212"]
[PlyCount "147"]

1. e4 e6 2. c4 d5 3. cxd5 exd5 4. e5 c6 5. Nf3 Bb4 6. Be2 Ne7 7. O-O Ng6 8. d4
Be7 9. Nc3 Bf5 10. Bd3 Bxd3 11. Qxd3 O-O 12. Qf5 Qc8 13. Qxc8 Rxc8 14. Be3 Na6
15. Rae1 Nb4 16. Re2 Re8 17. a3 Na6 18. Bg5 Bxg5 19. Nxg5 Nf4 20. Rd2 h6 21.
Nf3 Nc7 22. Rc2 Nfe6 23. Ne2 Nb5 24. Kh1 Re7 25. a4 Nbc7 26. Nh4 Na6 27. Nf5
Rd7 28. Rd2 Nb4 29. Nc3 Nf4 30. Re1 Re8 31. Re3 Ne6 32. Rg3 h5 33. Kg1 Rdd8 34.
Ne2 a5 35. b3 b6 36. Rh3 g6 37. Nd6 Re7 38. Re3 c5 39. dxc5 bxc5 40. Rg3 Nf4
41. Re3 d4 42. Nc4 Nc6 43. Re4 Nd5 44. Nc1 Rb8 45. Rc2 Nc3 46. Re1 f6 47. f4
fxe5 48. fxe5 Kg7 49. g4 hxg4 50. Rg2 Nd5 51. Rxg4 Nc7 52. h4 Ne6 53. h5 g5 54.
Nd6 Rd7 55. Ne4 Nxe5 56. Nxc5 Nf3+ 57. Kf2 Nxc5 58. Kxf3 Kh6 59. Rxg5 Kxg5 60.
Re5+ Kh6 61. Rxc5 d3 62. Nxd3 Rxd3+ 63. Ke2 Rbxb3 64. Rxa5 Rh3 65. Kd1 Rb2 66.
Kc1 Re2 67. Ra6+ Kxh5 68. Rd6 Rh1+ 69. Rd1 Rxd1+ 70. Kxd1 Ra2 71. Kc1 Rxa4 72.
Kd2 Ra3 73. Ke2 Kg5 74. Kd2 {Hossa resigns} 0-1

[Event "ICS rated standard match"]
[Site "207.99.83.229"]
[Date "1999.06.20"]
[Round "?"]
[White "robbok1"]
[Black "Hossa"]
[Result "1-0"]
[WhiteElo "2473"]
[BlackElo "2222"]
[PlyCount "78"]

1. e4 c5 2. Nf3 d6 3. Bb5+ Nd7 4. d4 Ngf6 5. Nc3 cxd4 6. Qxd4 e5 7. Qd3 h6 8.
Be3 Be7 9. O-O O-O 10. Bc4 Nb6 11. Bb3 Bg4 12. Nh4 Kh8 13. h3 Bd7 14. a4 a5 15.
Rfd1 Rc8 16. Nf5 Bxf5 17. exf5 Rb8 18. f4 Nbd7 19. Nb5 e4 20. Qe2 Qc8 21. Nxd6
Bxd6 22. Rxd6 Nc5 23. Bc4 Qxf5 24. Qd2 b6 25. Qc3 Kg8 26. b3 Rfc8 27. Rad1 Ne8
28. g4 Qh7 29. Bxc5 Rxc5 30. Rd8 Rxd8 31. Rxd8 Kf8 32. Bb5 f6 33. Rxe8+ Kf7 34.
Qd4 Rxb5 35. Qd7+ Kg6 36. Qxb5 h5 37. Rf8 hxg4 38. hxg4 Qh1+ 39. Kxh1 39... f5
{Hossa resigns} 1-0

[Event "ICS rated standard match"]
[Site "207.99.83.229"]
[Date "1999.06.20"]
[Round "?"]
[White "Hossa"]
[Black "robbok1"]
[Result "1/2-1/2"]
[WhiteElo "2216"]
[BlackElo "2479"]
[PlyCount "193"]

1. e4 c5 2. Nf3 Nc6 3. Bb5 g6 4. Nc3 Bg7 5. O-O d6 6. d4 cxd4 7. Nxd4 Bd7 8.
Bxc6 bxc6 9. Bg5 h6 10. Be3 c5 11. Nb3 Rb8 12. Qd2 Be6 13. Rfe1 Nf6 14. e5 Ng4
15. exd6 exd6 16. Bf4 Ne5 17. Ne4 Rb6 18. Bxe5 Bxe5 19. Nexc5 Bxh2+ 20. Kxh2
dxc5 21. Qc3 O-O 22. Nxc5 Qd6+ 23. Kg1 Rc6 24. b4 Rd8 25. Qf3 Qc7 26. c3 h5 27.
Qe3 Rcd6 28. Ne4 Rb6 29. Qg5 Kg7 30. Re3 Bc4 31. Ng3 Kf8 32. Re5 Rc6 33. Qh6+
Kg8 34. Rg5 Qd6 35. b5 Rb6 36. a4 Qf6 37. Rc5 Bd3 38. Rc7 Re6 39. Rc1 h4 40.
Nh1 a6 41. c4 Qe5 42. Rc6 g5 43. Rxe6 fxe6 44. Rd1 Qf5 45. bxa6 Ra8 46. Rxd3
Qxd3 47. Qxg5+ Kf7 48. Qh5+ Ke7 49. Qc5+ Kf6 50. Qc6 Qd1+ 51. Kh2 Ra7 52. Qb6
Qd7 53. g3 Qh7 54. Qd4+ e5 55. Qd8+ Qe7 56. Qb6+ Kf7 57. Kg2 h3+ 58. Kh2 Qc7
59. Qh6 Qd7 60. Qh7+ Kf6 61. Qxd7 Rxd7 62. f3 Ra7 63. Nf2 Rxa6 64. Kxh3 Rxa4
65. c5 Ra7 66. g4 Ke6 67. Ne4 Rg7 68. Kg3 Kd5 69. g5 Rf7 70. Kg2 Rc7 71. Kf2
Ra7 72. Kf1 Ke6 73. Ke1 Kf5 74. Ke2 Kf4 75. g6 Rg7 76. Nc3 Kf5 77. Ke3 Rxg6 78.
Nd5 Rg1 79. c6 Ke6 80. Nb4 Rc1 81. Nd3 Rxc6 82. f4 exf4+ 83. Kxf4 Rc4+ 84. Kg5
Rc3 85. Nf4+ Ke5 86. Ng6+ Ke4 87. Kh5 Kf5 88. Ne7+ Ke6 89. Ng6 Kf6 90. Nh4 Rg3
91. Kh6 Rg8 92. Kh5 Rg3 93. Kh6 Rg8 94. Kh5 Rg3 95. Kh6 Rg1 96. Kh5 Rg3 97. Kh6
{Game drawn by repetition} 1/2-1/2

[Event "ICS rated standard match"]
[Site "207.99.83.229"]
[Date "1999.06.20"]
[Round "?"]
[White "sss20"]
[Black "Hossa"]
[Result "1-0"]
[WhiteElo "2179"]
[BlackElo "2226"]
[PlyCount "136"]

1. e4 c5 2. Nf3 Nc6 3. d4 cxd4 4. Nxd4 g6 5. Nc3 Bg7 6. Be3 Nf6 7. f3 O-O 8.
Qd2 Nxd4 9. Bxd4 d6 10. g4 e5 11. Be3 Be6 12. O-O-O Qa5 13. a3 Rfc8 14. g5 Ne8
15. h4 f6 16. Bh3 Bxh3 17. Rxh3 Rc7 18. Qd5+ Qxd5 19. Nxd5 Rf7 20. a4 Rc8 21.
a5 a6 22. Bb6 Rc4 23. Kd2 Rd7 24. Kd3 Rc6 25. b3 Rf7 26. c4 Kh8 27. Rg1 Bf8 28.
h5 gxh5 29. Rxh5 fxg5 30. Rhxg5 Ng7 31. Ke2 Rc8 32. R5g2 Re8 33. Be3 Be7 34.
Bh6 Ne6 35. Ne3 Nd4+ 36. Kd3 Nxf3 37. Rh1 Nd4 38. Rhg1 Nxb3 39. Bg7+ Rxg7 40.
Rxg7 Nc5+ 41. Ke2 Nxe4 42. Nf5 Bg5 43. R1xg5 Nxg5 44. Rxg5 Re6 45. Ke3 h6 46.
Rg1 h5 47. Ke4 h4 48. Nxh4 Re8 49. Nf5 Rd8 50. Rd1 Rd7 51. Nxd6 Kg8 52. Kxe5
Rh7 53. Rb1 Rh5+ 54. Kf6 Rh6+ 55. Ke7 Rh7+ 56. Kd8 Rh5 57. Nxb7 Rh4 58. c5 Rd4+
59. Kc8 Rc4 60. Rb6 Rf4 61. c6 Rf8+ 62. Nd8 Rf6 63. c7 Rf1 64. Kb7 Rc1 65. Nc6
Kg7 66. c8=Q Re1 67. Qd7+ Kf8 68. Ne5 68... Rf1 {Hossa resigns} 1-0